000 00374nam a22001217a 4500
008 230619b xxu||||| |||| 00| 0 eng d
082 _a301.45
_bGHA
100 _cDharam P.ghai
245 _apotrait of a minority
_bAsian in East Africa
_crevised Edition
260 _aNairobi, daresalaam, Lusaka, Addis Ababa
_bOxford university press
_c1970
300 _a227p
942 _2ddc
_cBK
999 _c1264
_d1264